000 00489nam a2200157Ia 4500
008 100122s9999 xx 000 0 und d
082 _b42026
_a927.92
100 _aबालगंधर्व
245 _aतो राजहंस एक
260 _bश्रीविद्या प्रकाशन
_c1988
300 _a358
630 _aतो राजहंस एक
700 _aसामंत बाळ
730 _aतो राजहंस एक
942 _cBOOK
999 _c422482
_d422479